000 00323nam a2200133Ia 4500
008 190216s9999||||xx |||||||||||||| ||und||
100 _aNarayanan S And Manicavachagom Pillay T K
245 0 _aModern Algebra
250 _aFIRST
260 _bViswanathan S.
_c1982
300 _a496
650 _aMathematics
942 _cBK
999 _c30781
_d30781